A twist in the tale : five short stories

Αποθηκεύτηκε σε:
Λεπτομέρειες βιβλιογραφικής εγγραφής
Άλλοι συγγραφείς: Rudd, Steele, 1868-1935, Cameron, Penny
Μορφή: Βιβλίο
Γλώσσα:English
Δημοσίευση: London : Penguin, 1999.
Σειρά:Penguin readers ; Level 5
Θέματα:
Ετικέτες: Προσθήκη ετικέτας
Δεν υπάρχουν, Καταχωρήστε ετικέτα πρώτοι!

MARC

LEADER 00000cam a2200000 i 4500
001 1/97689
008 000111s1999 enk| ||| |||| ||eng||
020 |a 058241816X 
035 |l 10056234 
040 |a GR-MyUa  |b gre  |e AACR2 
041 0 |a eng 
082 7 |a 428.64   |2 (22) 
245 0 2 |a A twist in the tale :   |b five short stories /   |c Arthur Hoey Davis ... [et al.] ; retold by Penny Cameron. 
260 |a London :   |b Penguin,   |c 1999. 
300 |a vi, 73 σ. ;   |c 20 εκ. 
490 1 |a (Penguin readers ;   |v Level 5) 
650 0 |a English language  |v Textbooks for foreign speakers. 
650 0 |a English language  |x Readers. 
700 1 |a Rudd, Steele,   |d 1868-1935. 
700 1 |a Cameron, Penny. 
830 0 |a Penguin readers ;  |v Level 5 
852 |a INST  |b CHIOS  |e 20000111  |h 428.64 TWI  |p 005200019136  |q 005200019136  |t BK  |y 0 
901 |a BIBL2-2000-1 
922 |a 2ΕΛΗ  |b 199912  |c ΤΔΕ  |d ΠΑΠΑΣΩΤΗΡΙΟΥ 
950 |a 112-1999-11-01 
970 |a ΣΠΕΝΤΖΑ  |b ΕΛΕΝΗ  |z 2000/01/24